| 000 | 00398 a2200169 4500 | ||
|---|---|---|---|
| 001 | 183986 | ||
| 020 | _a85-7666-225-6 | ||
| 040 | _cMagnum | ||
| 100 | _aRios, Rosana | ||
| 240 | 1 | 0 |
_aVolta ao mundo em oitenta dias _lESP |
| 245 | 1 | 0 | _aVolta ao mundo em oitenta dias |
| 300 | _a80 | ||
| 362 | 0 | _a2005 | |
| 440 | 1 | _aEscala Educacional | |
| 697 | _aLITERATURA JUVENIL ESTRANGEIRA | ||
| 942 | _cBK | ||
| 999 |
_c183986 _d183986 |
||